| 000 | 00529nam a22001577a 4500 | ||
|---|---|---|---|
| 003 | OSt | ||
| 005 | 20150906101610.0 | ||
| 008 | 150906b xxu||||| |||| 00| 0 eng d | ||
| 040 | _cRUA | ||
| 082 | _aAGR ប្លង់ 1989 B001 Or.1 | ||
| 100 |
_981 _aប្លង់ រដ្ឋមណី |
||
| 245 | _aការវិវត្ដន៍នៃជីរជាតិដីស្រែឯកវប្បកម្មដំណាំស្រូវ | ||
| 260 |
_aPhnom Penh _bRUA _c1989 |
||
| 300 |
_a94p. _bill. _c29cm. |
||
| 942 |
_2ddc _cAGR |
||
| 999 |
_c76 _d76 |
||